MDQL
is popping MORE tags! Check the
thread
!
Quizzes
Events
Quiz Creation
Community
Videos
Private Events
Remove Ads
Sign In
Join for FREE
Feedback
Dark Mode
Quiz Categories
Sports
Geography
Music
Movies
Television
Just For Fun
Miscellaneous
History
Literature
Language
Science
Gaming
Entertainment
Religion
Holiday
For Kids
Quiz Lab
Recent
Popular Today
Quiz Kudos Today
Editor Picks
Curator Picks
Quizzes by...
Day
Popularity
Type
Ratings
Length
Year
Community
Subscriptions
Recent Discussions
Orange Saloon
Badges
Playlists
Quests
Create
Leaderboards
Showdown
Live 5
Trivia Bingo
Activity
Puzzle Library
Sporcle Events
Private Events
Virtual Trivia
Globe League
Become a Host
Pub Owners
SporcleCon
Opinionation
Our Games
Videos
Blog
Mobile Apps
Partnerships
Remove Ads and Go Orange
Feedback
Gaming
Video Games
Board Games
Card Games
Pokémon
Mario
Nintendo
Minecraft
Console
Toys
Legend of Zelda
Gaming
Video Games
Board Games
Card Games
Pokémon
Mario
Nintendo
Minecraft
Console
Toys
Legend of Zelda
Random Quiz
Search Sporcle
×
Quiz Lab
Quiz Lab
Gaming
Clickable
Select answers by clicking on text or image buttons
Select answers by clicking on text or image buttons
Clickable
Best Score? Go Orange.
Megaman X Maverick Weapons Stats
Can you pick the Megaman X Maverick Weapons?
By
octopushead
15m
64 Questions
102 Plays
102 Plays
102 Plays
Comments
Comments
Give Quiz Kudos
Give Quiz Kudos
-
- Ratings
hide this ad
Forced Order
Answers have to be entered in order
Answers have to be entered in order
Replay
Link that replays current quiz
Next Quiz
Link to next quiz in quiz playlist
You Got
0%
They Got
Avg Score
64%
Avg Friend Score
Upgrade to see
Score Distribution
Jump to the score distribution portion of the page
Score
0/64
Timer
15:00
0
Plays Today
% Correct
Shotgun Ice
82.4%
Electric Spark
81.4%
Boomerang Cutter
81.4%
Chameleon Sting
80.4%
Rolling Shield
78.4%
Storm Tornado
78.4%
Homing Torpedo
76.5%
Fire Wave
76.5%
Magnet Mine
73.5%
Silk Shot
73.5%
Sonic Slicer
72.5%
Gravity Well
72.5%
Speed Burner
71.6%
Parasitic Bomb
71.6%
Soul Body
71.6%
Strike Chain
70.6%
Bubble Splash
70.6%
Lightning Web
70.6%
Metal Anchor
70.6%
Crystal Hunter
69.6%
Frost Tower
69.6%
Yammar Option
69.6%
Double Cyclone
68.6%
Spin Wheel
66.7%
Frost Shield
66.7%
Spike Ball
66.7%
Acid Burst
65.7%
Ray Splasher
65.7%
Ground Hunter
65.7%
Aiming Laser
64.7%
Rising Fire
64.7%
Tri-Thunder
64.7%
% Correct
Spinning Blade
63.7%
Dark Hold
63.7%
Wind Cutter
63.7%
Gel Shaver
62.7%
Tornado Fang
61.8%
Twin Slasher
61.8%
Wing Spiral
61.8%
Sniper Missile
61.8%
Triad Thunder
60.8%
Meteor Rain
60.8%
Gaea Shield
60.8%
Ground Fire
59.8%
C-Shot
59.8%
Ice Burst
58.8%
Shining Ray
58.8%
Thunder Dancer
57.8%
Magma Blade
56.9%
Ground Dash
56.9%
Ray Arrow
55.9%
Squeeze Bomb
55.9%
Guard Shell
54.9%
Splash Laser
53.9%
Moving Wheel
53.9%
Shadow Runner
53.9%
Melt Creeper
52.9%
Green Spinner
52.9%
F-Laser
52%
Circle Blaze
52%
Drift Diamond
51%
Crystal Wall
50%
Volt Tornado
49%
Explosion
48%
Quiz Playlist
Details
Report
Send in Message
Add To Playlist
Clickable:
Select answers by clicking on text or image buttons
Forced Order:
Answers have to be entered in order
Last Updated: Nov 26, 2017
Quiz Scoreboard
CHALLENGE
Sign Up to Join the Scoreboard
Show All
Scores
Hide
Comments
May contain spoilers
Recently Published
Holiday 10x10 Sorting Gallery
by lukepisani3
Holiday
15m
Two Season TV Shows II
by 123Four
Television
10m
Image Sorting: Flags VI
by Barbecue
Geography
2m
More to Explore
Quiz From the Vault
Featured Blog Post
14 Easter Pick-up Lines to Find Eggs With
hide this ad
You Might Also Like...
Tags
Clickable Quiz
Megaman
X Mavericks
Today's Top Quizzes in Gaming
Browse Gaming
hide this ad
Today's Top Quizzes in Clickable
Browse Clickable
Top Contributed Quizzes in Gaming
1
League of Legends Pro Players by Career/Team History
2
Genshin Impact Logic Puzzle
3
Destiny 2 exotic weapons by perk icons
4
Genshin murder mystery
5
4x4 Decades: Video Games
6
Genshin Impact Logic Puzzle Quiz
7
Ultimate Genshin Impact Logic Puzzle (up to 4.3)
8
Dead By Daylight Logic Puzzle
9
Who's on the WWE 2K24 Cover?
10
Overwatch Logic Puzzle
Explore More
Trending Topics
Marvel
NBA
Anime
Crossword
Disney
Harry Potter
Kpop
The Office
Country
Puzzle
WWE
Soccer
Pokémon
NFL
Song
hide this ad
More By:
octopushead
Quiz
Plays
Rating
Category
Featured
Created
All Pokemon Abilities (Gen I-VII)
1,415
5.00
Gaming
Nov 26, 2017
Match The Megaman X Maverick's Names
460
5.00
Gaming
Oct 2, 2016
Age of Mythology: Tale of the Dragon Units
151
3.67
Gaming
Oct 23, 2016
Megaman X Maverick Weapons
102
5.00
Gaming
Nov 26, 2017
Heroes of the Storm Talents
94
5.00
Gaming
Oct 7, 2016
Go to Creator's Profile
Score Distribution
Quiz Creator Spotlight
octopushead
Follow
Send a Message
Quizzes Created
-
Created Quiz Play Count
-
More By This Creator
Popular Quizzes Today
1
Find the US States - No Outlines Minefield
2
Colored Red Africa Blitz
3
Find the 'City' Movie
4
The Countries of the World
5
5x2 Blitz: Bands
6
Find the Countries of Europe - No Outlines Minefield
7
Find the US States
8
US States
More Gaming Quizzes
World of Warcraft: Kul Tiras Zones by Image
Quiz Lab
Trending Quizzes
Colored Red Europe Blitz I
Colored Red Africa Blitz II
Colored Red Europe Blitz II
Even More Two Season TV Shows
Colored Red Africa Blitz III
Recently Updated
Quick Pick: 20 Twenties
pecheneg
March Madness Men's Triple Doubles
pecheneg
How Do You Spell That?
pecheneg
Godzilla Movies
pecheneg
Grab Bag: 4-10 Letters
pecheneg
2024 March Madness Bracket
pecheneg
Famous TV Couples
Peacemaker
Champions League XIs: Real Madrid
pecheneg
Largest US Cities 1790-2010
pecheneg
Rides in Walt Disney World
pecheneg
Trending Topics
Kpop
Crossword
Anime
Marvel
NBA
Harry Potter
Disney
WWE
Country
Pokémon
NFL
Soccer
The Office
Song
Puzzle
Your Account Isn't Verified!
In order to create a playlist on Sporcle, you need to verify the email address you used during registration. Go to your
Sporcle Settings
to finish the process.
Report this User
Report this user for behavior that violates our
Community Guidelines
.
Details:
Send Report
Go to the Sporcle.com Mobile Site →
Comments